000 00576nam a22001937a 4500
003 0
005 20240924131755.0
008 240924b xxu||||| |||| 00| 0 eng d
020 _a9788119920280
050 _aHV 3176
_b.P73 2024
100 _aPrasad, Yashodhara,
_eauthor.
245 _aCultural aspects in multi-ethnic literature /
_cYashodhara Prasad.
250 _a1st ed.
260 _aNew Delhi :
_bVenus Books,
_c2024.
300 _aix, 288 p. ;
_c24 cm.
504 _aIncludes bibliographical references and index.
650 _aMulticulturalism.
942 _2lcc
_cBK
999 _c366383
_d366383